|
|
|
|
| LEADER |
00000cas a2200000 c 4500 |
| 001 |
1327863049 |
| 003 |
DE-627 |
| 005 |
20220526115431.0 |
| 007 |
cd uuu---uuuuu |
| 008 |
061012c20uuuuuuxx uu m|q 0 |0ger c |
| 035 |
|
|
|a (DE-627)1327863049
|
| 035 |
|
|
|a (DE-576)257863044
|
| 035 |
|
|
|a (DE-599)BSZ257863044
|
| 040 |
|
|
|a DE-627
|b ger
|c DE-627
|e rakwb
|
| 041 |
|
|
|a ger
|
| 110 |
2 |
|
|a Deutsche Hochschule der Polizei
|0 (DE-588)10154163-6
|0 (DE-627)521684501
|0 (DE-576)257860673
|4 aut
|
| 190 |
|
|
|j 2008
|
| 245 |
1 |
0 |
|a [DHPol-Seminar]
|
| 264 |
3 |
1 |
|a Münster
|b DHPol
|c 20XX-
|
| 336 |
|
|
|a Text
|b txt
|2 rdacontent
|
| 337 |
|
|
|a Computermedien
|b c
|2 rdamedia
|
| 338 |
|
|
|a Computerdisk
|b cd
|2 rdacarrier
|
| 655 |
|
7 |
|a Monografische Reihe
|0 (DE-588)4179998-7
|0 (DE-627)104628669
|0 (DE-576)209995106
|2 gnd-content
|
| 655 |
|
7 |
|a CD-ROM
|0 (DE-588)4139307-7
|0 (DE-627)105636290
|0 (DE-576)209693312
|2 gnd-carrier
|
| 951 |
|
|
|a ST
|
| ELC |
|
|
|a 1
|
| ORI |
|
|
|a SA-MARC-krimdok_ob001.raw
|
| SPR |
|
|
|a 1
|t KRI
|